000 00639nam a2200217Ia 4500
003 OSt
005 20220928133935.0
006 a|||||r|||| 00| 0
007 ta
008 220927b |||||||| |||| 00| 0 eng d
024 _a34011
037 _cReference Collections
040 _aSDCL
_cSDCL
_beng
041 _2eng
_aeng
082 _aV2y7N131x, M2.1 RR
100 _aReddy Sanjiva
_9486805
245 0 _aSpeeches of president.
260 _aNew Delhi
_bMinistry of Informations and Broadcasting
_c1982
942 _hV2y7N131x, M2.1 RR
_cREF
_2CC
999 _c801212
_d801212